Normal view MARC view

Entry Nombre personal

Number of records used in: 23

001 - NÚMERO DE CONTROL

  • campo de control: 44658

003 - IDENTIFICADOR DE NÚMERO DE CONTROL

  • campo de control: SpMaBN

005 - FECHA Y HORA DE LA ÚLTIMA TRANSACCIÓN

  • campo de control: 20231123154919.0

008 - ELEMENTOS DE DATO DE LONGITUD-FIJA

  • campo de control de longitud fija: 901120nn aijnnaabn a aaa

016 ## - NÚMERO DE CONTROL DE UNA AGENCIA BIBLIOGRÁFICA NACIONAL

  • Número de control del registro: BNE19900110147

024 8# - IDENTIFICADOR DE OTROS ESTÁNDARES

  • Número estándar o código: https://data.cervantesvirtual.com/person/30684

024 7# - IDENTIFICADOR DE OTROS ESTÁNDARES

  • Número estándar o código: http://viaf.org/viaf/274359798/
  • Fuente: viaf

024 7# - IDENTIFICADOR DE OTROS ESTÁNDARES

  • Número estándar o código: https://isni.org/isni/0000000120198198
  • Fuente: isni

024 7# - IDENTIFICADOR DE OTROS ESTÁNDARES

  • Número estándar o código: http://www.wikidata.org/entity/Q9025225
  • Fuente: wikidata

040 ## - FUENTE DE CATALOGACIÓN

  • Centro catalogador/agencia de origen: SpMaBN
  • Lengua de catalogación: spa
  • Centro/agencia transcriptor: SpMaBN
  • Normas de descripción: rdc
  • Convención/Normas de encabezamiento de materia/tesauro: embne

046 ## - FECHAS CON CODIFICACIÓN ESPECIAL

  • Fecha de nacimiento: 1942

100 1# - ENCABEZAMIENTO-NOMBRE DE PERSONA

  • Nombre de persona: Díez, Luis Mateo,
  • Fechas asociadas al nombre: 1942-

370 ## - LUGAR ASOCIADO

  • Lugar de nacimiento: Villablino, León, España
  • Fuente de información: (Wikidata)
  • Número de control del registro de autoridad o número normalizado: XX5346815

372 ## - CAMPO DE ACTIVIDAD

  • Campo de actividad: Novela
  • Fuente de información: Wikidata

373 ## - GRUPO ASOCIADO

  • Grupo asociado: Claraboya
  • Grupo asociado: Real Academia Española
  • Fuente de información: Wikidata

374 ## - OCUPACIÓN

  • Ocupación: Escritores
  • Fuente de información: Wikidata

375 ## - GÉNERO/SEXO

  • Género: Masculino
  • Fuente de información: Wikidata

377 ## - IDIOMA ASOCIADO

  • Término de lengua/lenguaje: Español

400 1# - TRAZADO DE VÉASE--NOMBRE DE PERSONA

  • Nombre de persona: Díez Rodríguez, Luis Mateo,
  • Fechas asociadas al nombre: 1942-

400 1# - TRAZADO DE VÉASE--NOMBRE DE PERSONA

  • Nombre de persona: Mateo Díez, Luis,
  • Fechas asociadas al nombre: 1942-

670 ## - FUENTE DE DATOS ENCONTRADOS

  • Cita de la fuente: Relato de Babia, 1986
  • Información encontrada: port. (Luis Mateo Díez)

670 ## - FUENTE DE DATOS ENCONTRADOS

  • Cita de la fuente: Dic. de literatura española e hispanoamericana, 1993
  • Información encontrada: (Díez, Luis Mateo (Villablino, León, 1942); novelista)

670 ## - FUENTE DE DATOS ENCONTRADOS

  • Cita de la fuente: Dic. de autores: quién es quién en las letras españolas, 1988
  • Información encontrada: (Mateo Díez, Luis; n. en Villalbino, León; abogado; narrativa)

670 ## - FUENTE DE DATOS ENCONTRADOS

  • Cita de la fuente: WWW Agencia Española ISBN, 10-6-1999
  • Información encontrada: (Díez, Luis Mateo; Díez Rodríguez, Luis Mateo; Mateo Díez, Luis)

670 ## - FUENTE DE DATOS ENCONTRADOS

  • Cita de la fuente: Llamada telefónica al autor, 11-6-1999
  • Información encontrada: (Díez, Luis Mateo; error bastante extendido de dar Mateo Díez como apellidos, cuando éstos son Díez Rodríguez y el nombre Luis Mateo)